|
|
|
|
| LEADER |
00000nab a2200000uu 4500 |
| 001 |
vtls011539795 |
| 003 |
SK-MaSNL |
| 005 |
20260303114821.0 |
| 008 |
230127|2011 xo |||||||||||||||||cze| |
| 015 |
|
|
|a SNBRB
|
| 035 |
|
|
|a (urnnbn)urn:nbn:sk:snk:ar-a09qmi
|
| 035 |
|
|
|a (uuid)8d735e26-c49c-45ca-bfde-3d096bd429c4
|
| 035 |
|
|
|a urn:nbn:sk:snk-abey6m
|
| 040 |
|
|
|a SNKBUCL
|b slo
|c SNKBUCL
|e AACR2
|
| 041 |
0 |
|
|a cze
|
| 044 |
|
|
|a xo
|c SK
|
| 100 |
1 |
|
|a Tylová, Eva
|4 aut
|9 456461
|
| 245 |
1 |
0 |
|a NÁZORY ŽÁKŮ A UČITELŮ STŘEDNÍ ŠKOLY NA PŘÍPRAVU UČITELŮ
|c Eva Tylová, Helena Skarupská
|
| 246 |
3 |
|
|a VIEWS OF PUPILS AND TEACHERS IN HIGH SCHOOLS IN THE PREPARATION OF TEACHERS
|
| 700 |
1 |
|
|a Skarupská, Helena
|4 aut
|9 1129697
|
| 773 |
0 |
|
|t Acta humanica
|g Roč. 8, č. 4 (2011), s. 117-122
|
| 954 |
|
|
|a odborná, vedecká literatúra pôvodná (slovenská)
|2 lita
|
| 954 |
|
|
|a odborná, vedecká literatúra cudzojazyčná (svetová)
|2 lita
|
| 958 |
|
|
|a OND
|
| 958 |
|
|
|a EUIPO
|
| 958 |
|
|
|a article22
|
| 999 |
|
|
|c 1900607
|d 1902537
|